Prasanthi Nilayam/ (Record no. 186196)

MARC details
000 -LEADER
fixed length control field 00457nam a22001697a 4500
005 - DATE AND TIME OF LATEST TRANSACTION
control field 20220216123634.0
010 ## - LCCN (DPL NO)
LC control number ENG-131627
020 ## - INTERNATIONAL STANDARD BOOK NUMBER
Terms of availability 9789350693667
International Standard Book Number 40.00
035 ## - SYSTEM CONTROL NUMBER
System control number EN-115159
037 ## - SOURCE OF ACQUISITION
Source of stock number/acquisition DBAD
082 ## - DEWEY DECIMAL CLASSIFICATION NUMBER
Classification number 230.35
245 ## - TITLE STATEMENT
Title Prasanthi Nilayam/
260 ## - PUBLICATION, DISTRIBUTION, ETC. (IMPRINT)
Place of publication, distribution, etc India
Name of publisher, distributor, etc Sri Sathya Sai Sadhana Trust Publications Divisions
Date of publication, distribution, etc 2018
270 ## - ADDRESS
City India
Postal code 515134
300 ## - PHYSICAL DESCRIPTION
Extent 104p.
Dimensions 21cm(pbk)
942 ## - ADDED ENTRY ELEMENTS (KOHA)
Source of classification or shelving scheme Dewey Decimal Classification
Item type English Books
Classification part 230.35
Call number suffix PRA
Holdings
Withdrawn status Lost status Not for loan Collection code Home library Current library Date acquired Source of acquisition Cost, normal purchase price Full call number Barcode Copy number Cost, replacement price Koha item type
      Non-fiction Bawana Bawana 16/02/2022 DBAD/PUB 40.00 230.35 PRA EN-115159 1 40.00 English Books

© Delhi Public Library
Hit Counter
free hit counter